Il grido dell'amore: vita e spiritualità di Santa Maria Maddalena de' Pazzi
| Main Author: | |
|---|---|
| Format: | Print Book |
| Language: | Italian |
| Subito Delivery Service: | Order now. |
| Check availability: | HBZ Gateway |
| WorldCat: | WorldCat |
| Interlibrary Loan: | Interlibrary Loan for the Fachinformationsdienste (Specialized Information Services in Germany) |
| Published: |
Panzano in Chianti
Feeria
2006
|
| In: | Year: 2006 |
| Standardized Subjects / Keyword chains: | B
Maria Maddalena, de'Pazzi 1566-1607
|
MARC
| LEADER | 00000cam a2200000 c 4500 | ||
|---|---|---|---|
| 001 | 1605826685 | ||
| 003 | DE-627 | ||
| 005 | 20251225192501.0 | ||
| 007 | tu | ||
| 008 | 070605s2006 xx ||||| 00| ||ita c | ||
| 020 | |a 8887699194 |9 88-87699-19-4 | ||
| 024 | 3 | |a 9788887699197 | |
| 035 | |a (DE-627)1605826685 | ||
| 035 | |a (DE-576)265337240 | ||
| 035 | |a (DE-599)BSZ265337240 | ||
| 035 | |a (OCoLC)163581891 | ||
| 040 | |a DE-627 |b ger |c DE-627 |e rakwb | ||
| 041 | |a ita | ||
| 082 | 0 | |a 242.67 | |
| 084 | |a 1 |2 ssgn | ||
| 100 | 1 | |0 (DE-588)1146962312 |0 (DE-627)1008371076 |0 (DE-576)265337100 |4 aut |a Moschetti, Paola |d 1939- | |
| 109 | |a Moschetti, Paola 1939- | ||
| 245 | 1 | 3 | |a Il grido dell'amore |b vita e spiritualità di Santa Maria Maddalena de' Pazzi |c Paola Moschetti. Presentazione del Card. Silvano Piovanelli; saggio conclusivo della Comunità di San Leolino |
| 264 | 1 | |a Panzano in Chianti |b Feeria |c 2006 | |
| 300 | |a 205 S. |b Ill. | ||
| 336 | |a Text |b txt |2 rdacontent | ||
| 337 | |a ohne Hilfsmittel zu benutzen |b n |2 rdamedia | ||
| 338 | |a Band |b nc |2 rdacarrier | ||
| 583 | 1 | |a Archivierung prüfen |c 20200919 |f DE-640 |z 1 |2 pdager | |
| 583 | 1 | |a Archivierung/Langzeitarchivierung gewährleistet |f SSG |x XA-DE-BW |2 pdager |5 DE-21 | |
| 601 | |a Spiritual | ||
| 689 | 0 | 0 | |d p |0 (DE-588)119188287 |0 (DE-627)079985378 |0 (DE-576)211484431 |2 gnd |a Maria Maddalena |c de'Pazzi |d 1566-1607 |
| 689 | 0 | |5 (DE-627) | |
| 935 | |a mteo | ||
| 951 | |a BO | ||
| ELC | |b 1 | ||
| ITA | |a 1 |t 1 | ||
| LOK | |0 000 xxxxxcx a22 zn 4500 | ||
| LOK | |0 001 3115158688 | ||
| LOK | |0 003 DE-627 | ||
| LOK | |0 004 1605826685 | ||
| LOK | |0 005 20070730143058 | ||
| LOK | |0 008 070605||||||||||||||||ger||||||| | ||
| LOK | |0 040 |a DE-21 |c DE-627 |d DE-21 | ||
| LOK | |0 852 |a DE-21 | ||
| LOK | |0 852 1 |c 47 A 6148 |9 00 | ||
| LOK | |0 935 |a theo | ||
| LOK | |0 936ln |a t3.3 | ||
| LOK | |0 938 |l 30/07/07 |8 6 | ||
| LOK | |0 939 |a 05-06-07 |b l01 | ||
| ORI | |a SA-MARC-ixtheoa001.raw | ||
| SYG | 0 | 0 | |a Pazzi, Marie-Madeleine de,1566-1607,Pazza, M. M. de',1566-1607,Maddalena,de Pazzi,1566-1607,Maria Magdalena,de Pazzi,1566-1607,Pazzi, Catarina de',1566-1607,Pazza, M. M. de,1566-1607,Maria Maddalena,Santa,1566-1607,De Pazzi, Maria Maddalena,1566-1607,De Pazzi, Maria Magdalena,1566-1607,De'Pazzi, Maria Maddalena,1566-1607,Maria Magdalena,dei Pazzi,1566-1607,Mary Magdalene,de'Pazzi,1566-1607,Pazzi, Maria Magdalena de,1566-1607,Mary Magdalen,de'Pazzi,1566-1607,DePazzi, Maria Maddalena,1566-1607,DePazzi, Maria Magdalena,1566-1607,Pazzis, Maria Magdalena von,1566-1607,Maria Magdalena,von Pazzis,1566-1607,Pazzi, Maria M. de',1566-1607,Maria Magdalena,Sancta,1566-1607,Maria Maddalena,Saint,1566-1607,Maria Maddalena,de Pazzi,1566-1607,Pazzi, Maria Maddalena de',1566-1607,Pazzi, Caterina de',1566-1607,Maria Magdalena,de Pazzis,1566-1607,Pazzis, Maria Magdalena de,1566-1607,Pazzi, Mary Magdalene de',1566-1607,Maria Maddalena de' Pazzi,1566-1607,De' Pazzi, Caterina,1566-1607,De Pazzis, Maria Magdalena,1566-1607,Pazzis, María Magdalena de,1566-1607,De' Pazzi, Maria Maddalena,Heilige,1566-1607,María Magdalena de Pazzis,1566-1607,Maria Maddalena dei Pazzi,1566-1607,Dei Pazzi, Maria Maddalena,1566-1607,De' Pazzi, Maria Maddalena,1566-1607,Pazzi, Mary Magdalene de',1566-1607,De' Pazzi, Mary Magdalene,1566-1607,Mary Magdalen de' Pazzi,1566-1607 |